Unfolding Central Himalaya: the cradle of culture (Record no. 530537)

000 -LEADER
fixed length control field 00372nam a22001097a 4500
082 ## - DEWEY DECIMAL CLASSIFICATION NUMBER
Classification number A6x5415 J781
245 ## - TITLE STATEMENT
Title Unfolding Central Himalaya: the cradle of culture
Statement of responsibility, etc edited by B.K. Joshi and Maheshwar P. Joshi
260 ## - PUBLICATION, DISTRIBUTION, ETC. (IMPRINT)
Place of publication, distribution, etc Almora
Name of publisher, distributor, etc Almora Book
Date of publication, distribution, etc 2017
300 ## - PHYSICAL DESCRIPTION
Extent 364p.
650 ## - SUBJECT ADDED ENTRY--TOPICAL TERM
Topical term or geographic name as entry element Central Himalaya
9 (RLIN) 54599
650 ## - SUBJECT ADDED ENTRY--TOPICAL TERM
Topical term or geographic name as entry element Economic development - Central Himalaya - India
9 (RLIN) 54600
Holdings
Withdrawn status Lost status Source of classification or shelving scheme Damaged status Koha normalized classification for sorting Not for loan Permanent location Current location Shelving location Date acquired Full call number Barcode Date last seen Price effective from Koha item type
        A_6X5415_J781   Indian Institute of Public Administration Indian Institute of Public Administration On Display 2025-06-20 A6x5415 J781 Gr25500 2025-06-20 2025-06-20 GR

Powered by Koha